Discursos espirituales. Primera colección. La regeneración del hombre en la misericordia.
Gorde:
| Egile nagusia: | |
|---|---|
| Beste egile batzuk: | |
| Formatua: | Ezezaguna |
| Hizkuntza: | ingelesa |
| Argitaratua: |
Salamanca, España:
Ediciones Sígueme,
2023.
|
| Saila: | Ichthys,
|
| Gaiak: | |
| Etiketak: |
Etiketa erantsi
Etiketarik gabe, Izan zaitez lehena erregistro honi etiketa jartzen!
|
MARC
| LEADER | 00000 a2200000 4500 | ||
|---|---|---|---|
| 003 | CL-VaPUC | ||
| 005 | 20231123121922.0 | ||
| 008 | 231115t2023 ||||| |||| 00| 0 eng d | ||
| 999 | |c 442448 |d 442446 | ||
| 020 | |a 978-84-301-2158-8 | ||
| 040 | |c Pontificia Universidad Católica de Valparaíso | ||
| 082 | |2 22 |a 248.2 ISA 2023 | ||
| 100 | |a Isaac, Obispo de Nínive |9 885715 |e autor | ||
| 245 | |a Discursos espirituales. |b Primera colección. La regeneración del hombre en la misericordia. | ||
| 260 | |a Salamanca, España: |b Ediciones Sígueme, |c 2023. | ||
| 300 | |a 752 páginas. | ||
| 490 | |a Ichthys, |n 50. | ||
| 583 | |k GC |c 20231115 | ||
| 600 | 0 | |9 885715 |a Isaac, Obispo de Nínive |x Vida, obra, discursos, etc. |x Fundamentos espirituales de la vida | |
| 650 | 0 | |9 315519 |a Misericordia |x Virtud |x Cristianismo | |
| 650 | 0 | |9 537993 |a Espiritualidad cristiana |x Vida religiosa | |
| 700 | |9 885896 |a López Sáez, Francisco José |e edición preparada | ||
| 942 | |2 ddc |c BK | ||
| 952 | |0 0 |1 0 |2 ddc |4 0 |6 248_200000000000000_ISA_2023 |7 0 |8 A |9 592421 |a BIBTEO |b BIBTEO |c GEN |d 2023-11-10 |e 8 |g 48300.00 |i 5659429 |o 248.2 ISA 2023 |p 5659429 |r 2025-01-17 |t 1 |v 48300.00 |w 2023-11-10 |y BK |k ICR | ||